Interior-Point Polynomial Algorithms in Convex Programming

Saved in:
Bibliographic Details
Main Author: Nesterov, IU. E.
Other Authors: Nemirovskii, Arkadii Semenovich
Format: Book
Language:English
Published: Philadelphia : Siam, c1994
Series:SIAM studies in applied mathematics ; ; 13
Subjects:
Tags: Add Tag
No Tags, Be the first to tag this record!

MARC

LEADER 00000nam a2200000 i 4500
001 1/42529
008 950313s1994 eng d
020 |a 0-89871-319-6 
035 |a 1994  |c ΧΑΤΖΗΣΑΒΒΑΣ  |l 10041788 
040 |a GR-MY-UA  |b gre  |e aacr 
041 0 |a eng 
082 0 |a 519.76 
100 1 |a Nesterov, IU. E. 
245 1 0 |a Interior-Point Polynomial Algorithms in Convex Programming /  |c Yurii Nesterov and Arkadii Nemirovskii 
260 |a Philadelphia :   |b Siam,   |c c1994 
300 |a 405 p.;  |c 27 cm. 
490 1 |a SIAM studies in applied mathematics  |v ; 13 
500 |a Includes bibliographical references and index 
650 0 0 |a Programming (Mathematics) 
650 0 0 |a Convex programming. 
700 1 |a Nemirovskii, Arkadii Semenovich. 
830 0 |a SIAM studies in applied mathematics ;  |v ; 13 
852 |a INST  |b SAMOS  |e 19950313  |h 519.76 NES  |p 005300005879  |q 005300005879  |t BK  |y 0 
909 |a Σ  |b 038439